Business : (Record no. 3692)
[ view plain ]
| 000 -LEADER | |
|---|---|
| fixed length control field | 01812cam a2200217 a 4500 |
| 020 ## - INTERNATIONAL STANDARD BOOK NUMBER | |
| ISBN | 9780073511726 |
| 020 ## - INTERNATIONAL STANDARD BOOK NUMBER | |
| ISBN | 0073511722 |
| 050 00 - CALL NUMBER | |
| Classification number | HF1008 |
| Item number | .F47 |
| 100 1# - AUTHOR | |
| Personal name | Ferrell, O. C. |
| 245 10 - TITLE | |
| Title | Business : |
| Remainder of title | a changing world / |
| Statement of responsibility, etc | O.C. Ferrell, Geoffrey A. Hirt, Linda Ferrell. |
| 250 ## - EDITION | |
| Edition statement | 7th ed. |
| 260 ## - PUBLICATION INFORMATION | |
| Place of publication | Boston : |
| Name of publisher | McGraw-Hill Irwin, |
| Year of publication | 2009. |
| 300 ## - DESCRIPTION | |
| Number of Pages | xxxiv, 588 p. : |
| Other physical details | ill. (chiefly col.) ; |
| Dimensions | 26 cm. |
| 500 ## - NOTES | |
| General note | Includes Index |
| 505 ## - FORMATTED CONTENTS NOTE | |
| Table of Content | Part One. Business in a Changing World <br/>Chapter 1: The Dynamics of Business and Economics<br/>Appendix A: Guidelines for the Development of the Business Plan <br/>Chapter 2: Business Ethics and Social Responsibility<br/>Appendix B: The Legal and Regulatory Environment <br/>Chapter 3: Business in a Borderless World<br/>Chapter 4: Managing Information Technology and E-Business <br/><br/>Part Two: Starting and Growing a Business <br/>Chapter 5: Options for Organizing Business <br/>Chapter 6: Small Business, Entrepreneurship, and Franchising <br/><br/>Part Three: Managing for Quality and Competitiveness <br/>Chapter 7: The Nature of Management <br/>Chapter 8: Organization, Teamwork and Communication<br/>Chapter 9: Managing Service and Manufacturing Operations <br/><br/>Part Four: Creating the Human Resource Advantage --<br/>Chapter 10: Motivating the Workforce<br/>Chapter 11: Managing Human Resources <br/>Appendix C. Personal Career Plan <br/><br/>Part Five: Marketing: Developing Relationships<br/>Chapter 12: Customer-Driven Marketing <br/>Chapter 13: Dimensions of Marketing Strategy <br/><br/>Part Six: Financing the Enterprise <br/>Chapter 14: Accounting and Financial Statements<br/>Chapter 15: Money and the Financial System <br/>Chapter 16: Financial Management and Securities Markets |
| 650 #0 - SUBJECTS | |
| Topical Term | Business. |
| 650 #0 - SUBJECTS | |
| Topical Term | Management |
| 700 1# - OTHER AUTHORS | |
| Personal name | Hirt, Geoffrey A. |
| 700 1# - OTHER AUTHORS | |
| Personal name | Ferrell, Linda. |
| 942 ## - ADDED ENTRY ELEMENTS (KOHA) | |
| Koha item type | Books |
| Withdrawn status | Lost status | Home library | Current library | Shelving location | Date acquired | Full call number | Accession Number | Koha item type | Collection code |
|---|---|---|---|---|---|---|---|---|---|
| Methodist University Library Main | Methodist University Library Main | General Stacks | 08/11/2011 | HF1008 .F47 | 34475 | Books | Reference | ||
| Methodist University Library Main | Methodist University Library Main | General Stacks | 26/01/2013 | HF1008 .F47 | 36798 | Books | Reference | ||
| Methodist University Library Main | Methodist University Library Main | General Stacks | 26/01/2013 | HF1008 .F47 | 38231 | Books | Reference | ||
| Methodist University Library Main | Methodist University Library Main | Reference | 12/11/2011 | HF1008 .F47 | 34472 | Books | |||
| Methodist University Library Main | Methodist University Library Main | General Stacks | 12/11/2011 | HF1008 .F47 | 34473 | Books | |||
| Methodist University Library Main | Methodist University Library Main | General Stacks | 12/11/2011 | HF1008 .F47 | 34474 | Books | |||
| Methodist University Library Tema | Methodist University Library Tema | Reference | 12/11/2011 | HF1008 .F47 | 34478 | Books |